000
00271 a2200109 4500
001
68023
040
_c
Anchieta - Pituba
240
1
0
_a
Gincana interna Anchieta 2019
_l
por
245
1
0
_a
Gincana interna Anchieta 2019
650
4
_a
LĂnguas espanhola e portuguesa
942
_c
MX
999
_c
68023
_d
68023